Are You a Robot? - Statistics

General Stats
  • This quiz has been taken 181 times
  • The average score is 41 of 54
Answer Stats
Question Tile Select % Correct
boxes with a hockey puck. Yes
92%
boxes with a hockey puck. Yes
87%
boxes with a computer. No
87%
boxes with a cat. No
86%
boxes with a hockey puck. Yes
85%
boxes with a tree. No
85%
boxes with a computer. No
85%
boxes with a cat. No
85%
boxes with a cat. Yes
85%
boxes with a cat. Yes
85%
boxes with a cat. No
85%
boxes with a human. No
85%
boxes with a human. No
85%
boxes with a tree. No
84%
boxes with an aquatic fish. Yes
84%
boxes with a cat. Yes
84%
boxes with a human. No
84%
boxes with a human. Yes
84%
boxes with a human. No
84%
boxes with a human. Yes
84%
boxes with a tree. No
83%
boxes with a tree. No
83%
boxes with a computer. Yes
83%
boxes with an aquatic fish. No
83%
boxes with a cat. No
83%
boxes with a human. Yes
83%
boxes with a hockey puck. Yes
82%
boxes with a tree. No
82%
boxes with a computer. No
82%
boxes with an aquatic fish. Yes
82%
boxes with an aquatic fish. Yes
82%
boxes with an aquatic fish. No
82%
boxes with a human. No
82%
boxes with a tree. No
81%
boxes with an aquatic fish. No
81%
boxes with a cat. Yes
81%
boxes with a hockey puck. No
80%
boxes with a tree. Yes
80%
boxes with a computer. Yes
80%
boxes with a cat. No
80%
boxes with a hockey puck. No
78%
boxes with a computer. No
78%
boxes with a hockey puck. No
76%
boxes with a hockey puck. No
72%
boxes with an aquatic fish. No
72%
boxes with an aquatic fish. No
71%
boxes with a computer. Yes
70%
boxes with a hockey puck. No
68%
boxes with a computer. No
63%
boxes with an aquatic fish. No
54%
boxes with a computer. Yes
44%
boxes with a tree. Yes
28%
boxes with a human. Yes
6%
boxes with a tree. Yes
5%
No matching quizzes found
Score Distribution
Percent of People with Each Score
Percentile by Number Answered
Your Score History
You have not taken this quiz